00464nam a2200145Ia 4500003000900000008004100009020002200050040001600072080002500088245010300113260004000216300001300256650001800269700003100287IN-BaIIA211028s9999 xx 000 0 eng d a978-81-7371-600-3 cIIA Library a629.78 "451.50"bFIF 0a50 years of spaceba global perspectivecedited by P. V. Manoranjan Rao  aHyderabadbUniversities Pressc2007 ax, 301p. aSpace science aManoranjan Rao, P. V., ed.